Catálogo

Vista normal Vista MARC

Entrada Personal Name

Número de registros utilizados en: 2

001 - CONTROL NUMBER

  • control field: 17339

003 - CONTROL NUMBER IDENTIFIER

  • control field: DLC

005 - DATE AND TIME OF LATEST TRANSACTION

  • control field: 20250716162612.0

008 - FIXED-LENGTH DATA ELEMENTS

  • fixed length control field: 060609n| azannaabn |a aaa c

010 ## - LIBRARY OF CONGRESS CONTROL NUMBER

  • LC control number: no2006065003

035 ## - SYSTEM CONTROL NUMBER

  • System control number: (OCoLC)oca06976724

035 ## - SYSTEM CONTROL NUMBER

  • System control number: (CaEvSKY)skya7840757

040 ## - CATALOGING SOURCE

  • Original cataloging agency: MX-ZcUA
  • Language of cataloging: spa
  • Description conventions: rda
  • Transcribing agency: Mx-PuUPA
  • Modifying agency: DLC
  • Modifying agency: MX-MxCID
  • Modifying agency: Mx-PuUPA

100 1# - HEADING--PERSONAL NAME

  • Personal name: Flores Dávila, Julia Isabel,

372 ## - FIELD OF ACTIVITY

  • Field of activity: Valores
  • Field of activity: La comunicación en la política
  • Field of activity: Opinión pública
  • Source of term: lcsh

373 ## - ASSOCIATED GROUP

  • Associated group: Universidad Nacional Autónoma de México. Facultad de Ciencias Políticas y Sociales
  • Associated group: Universidad Nacional Autonoma de México. Instituto de Investigaciones Jurídicas
  • Source of term: naf

374 ## - OCCUPATION

  • Occupation: investigadora
  • Occupation: Profesora
  • Occupation: Coordinadora

375 ## - GENDER

  • Gender: mujer
  • Source of term: lcdgt

377 ## - ASSOCIATED LANGUAGE

  • Language code: spa

400 1# - SEE FROM TRACING--PERSONAL NAME

  • Personal name: Dávila, Julia Isabel Flores

400 1# - SEE FROM TRACING--PERSONAL NAME

  • Personal name: Flores, Julia Isabel

400 1# - SEE FROM TRACING--PERSONAL NAME

  • Personal name: Flores Ávila, Julia I.
  • Fuller form of name: (Julia Isabel)

400 1# - SEE FROM TRACING--PERSONAL NAME

  • Personal name: Ávila, Julia I. Flores
  • Fuller form of name: (Julia Isabel Flores)

670 ## - SOURCE DATA FOUND

  • Source citation: Encuesta nacional de prácticas y consumo culturales, 2004:
  • Information found: t.p. (Julia Isabel Flores Dávila)

670 ## - SOURCE DATA FOUND

  • Source citation: Gobernabilidad en Oaxaca, 2009:
  • Information found: t.p. (Julia Flores) p. 10 (Julia Isabel Flores Dávila; researcher, Inst. de Investigaciones Jurídicas, UNAM; prof., Fac. de Ciencias Políticas y Sociales, UNAM)

670 ## - SOURCE DATA FOUND

  • Source citation: LC database, July 22, 2011
  • Information found: (usage: Julia Isabel Flores; Julia I. Flores Dávila)

670 ## - SOURCE DATA FOUND

  • Source citation: A 50 años de La cultura cívica, 2011:
  • Information found: t.p. (Julia I. Flores Ávila [sic]) cover (Julia I. Flores Dávila)

670 ## - SOURCE DATA FOUND

  • Source citation: Universidad Nacional Autónoma de México, via WWW, Apr. 25, 2016:
  • Information found: (Julia Isabel Flores Dávila; Investigador asociado "C" de tiempo completo en el Instituto de Investigaciones Jurídicas de la UNAM; líneas de investigación: análisis de valores, comunicación política, cultura política, opinión pública, sociología)
  • Uniform Resource Identifier: http://www.juridicas.unam.mx/invest/directorio/investigador.htm?p=juliai